| 000 | 00693nam a2200193Ii 4500 | ||
|---|---|---|---|
| 003 | JO-AjNU | ||
| 008 | 230605s9999||||xx |||||||||||||| ||und|| | ||
| 040 |
_aJO-AjNU _bara _erda _cJO-AjNU |
||
| 041 | _aara | ||
| 050 | 1 | 4 | _aLC1910.D35 |
| 100 | 3 |
_aديوي،جون مؤلف/الرحيم،أحمد حسن مترجم/ناصر،محمد مراجع/آل ياسين،محمد حسين تصدير, _eauthor _98464 |
|
| 245 | 0 | 0 | _aالمدرسة والمجتمع |
| 264 | 3 | 1 | _aبيروت:دار مكتبة الحياة |
| 300 | _a159ص | ||
| 336 |
_atext _btxt _2rdacontent |
||
| 337 |
_aunmediated _bn _2rdamedia |
||
| 338 |
_avolume _bnc _2rdacarrier |
||
| 650 | 4 |
_aالمدرسة-المجتمع _98465 |
|
| 999 |
_aA802 _c4370 _d4370 |
||